Rossija v Aziatsko-Tichookeanskom regione: perspektivy integracii monografija v dvuch knigach

Gespeichert in:
Bibliographische Detailangaben
Format: Buch
Sprache:Russisch
Veröffentlicht: Vladivostok Izdateľstvo Daľnevostočnogo federaľnogo universiteta 2011
Schriftenreihe:Rossija v Aziatsko-Tichookeanskom regione
Schlagworte:
Tags: Tag hinzufügen
Keine Tags, Fügen Sie das erste Tag hinzu!

MARC

LEADER 00000nam a2200000 4500
001 0178219
005 20230113124544.2
020 |a 978-5-7444-2654-5 
041 0 |a rus 
044 |a RU 
245 1 0 |a Rossija v Aziatsko-Tichookeanskom regione: perspektivy integracii  |b monografija v dvuch knigach 
264 1 |a Vladivostok  |b Izdateľstvo Daľnevostočnogo federaľnogo universiteta  |c 2011 
300 |a 738 s. 
490 1 |a Rossija v Aziatsko-Tichookeanskom regione 
830 0 |a Rossija v Aziatsko-Tichookeanskom regione 
610 2 0 |a projekty 
610 2 0 |a integrácia ekonomická medzinárodná 
610 2 0 |a politika energetická 
610 2 0 |a palivá 
610 2 0 |a zdroje energetické 
610 2 0 |a prognózy 
610 2 0 |a vývoz 
610 2 0 |a politika finančná 
610 2 0 |a banky 
610 2 0 |a trh finančný 
610 2 0 |a úver 
610 2 0 |a spolupráca medzinárodná 
610 2 0 |a vzťahy obchodné 
610 2 0 |a vzťahy hospodárske medzinárodné 
610 2 0 |a technika vojenská 
610 2 0 |a politika regionálna 
610 2 0 |a politika sociálna 
610 2 0 |a rozvoj hospodársky 
610 2 0 |a Rusko 
610 2 0 |a Ďaleký východ 
610 2 0 |a Bajkal